[Event "Sparkassen-Open A"]
[Site "Heusenstamm, Martinsee"]
[Date "2015.11.26"]
[Round "1.79"]
[White "Rutsatz, Mario"]
[Black "Firinci, Erdem"]
[Result "1/2-1/2"]
[WhiteElo "1988"]
[BlackElo "1612"]
[PlyCount "114"]
[EventDate "2015.??.??"]
[WhiteTeam "SF Frankfurt"]
[BlackTeam "SF Heusenstamm"]

1. d4 Nf6 2. c4 e6 3. Nf3 d5 4. Nc3 Bb4 5. a3 Bxc3+ 6. bxc3 O-O 7. cxd5 exd5 8.
Bg5 Bf5 9. e3 Qd6 10. Bf4 Qc6 11. Rc1 Bg4 12. h3 Bxf3 13. gxf3 Nbd7 14. Bd3 Nb6
15. O-O Nc4 16. Bxc4 Qxc4 17. Bg5 Qc6 18. Qd3 Qe6 19. Kh2 Qd6+ 20. Bf4 Qxa3 21.
Bxc7 Qe7 22. Bg3 Nh5 23. c4 Nxg3 24. fxg3 dxc4 25. Rxc4 Rac8 26. e4 b5 27. Rxc8
Rxc8 28. Qxb5 Qa3 29. Qe2 Qb3 30. Rf2 h6 31. Qb2 Qd3 32. Qd2 Qb3 33. Kg2 Qb6
34. Qb2 Qc7 35. d5 f6 36. Qd4 a5 37. f4 Rb8 38. d6 Qd7 39. Qd5+ Kh8 40. e5 fxe5
41. fxe5 Rb5 42. Qe4 Kg8 43. Qc4+ Kh7 44. e6 Qb7+ 45. Kh2 Rb2 46. Qd3+ Kg8 47.
Qf1 Qb6 48. Rxb2 Qxb2+ 49. Kh1 Qb7+ 50. Kg1 Qb6+ 51. Kg2 Qxd6 52. Qf7+ Kh7 53.
e7 Qd2+ 54. Kf3 Qd3+ 55. Kg4 Qe4+ 56. Kh5 Qe5+ 57. Kg4 Qe4+ 1/2-1/2

[Event "Sparkassen-Open A"]
[Site "Heusenstamm, Martinsee"]
[Date "2015.11.26"]
[Round "1.80"]
[White "Lessmann, Sven"]
[Black "Westphal, Norbert"]
[Result "0-1"]
[WhiteElo "1593"]
[BlackElo "1987"]
[PlyCount "34"]
[EventDate "2015.??.??"]
[WhiteTeam "SC Bad Soden"]
[BlackTeam "BSV Chemie Radebeul"]

1. d4 d5 2. c4 c6 3. Nf3 e6 4. Nc3 Bb4 5. Bd2 Nf6 6. Qc2 Nbd7 7. e3 b6 8. Bd3
Bb7 9. O-O O-O 10. Ne5 c5 11. a3 Bxc3 12. bxc3 Rc8 13. cxd5 Nxe5 14. dxe5 Qxd5
15. f3 Qxe5 16. c4 Rfd8 17. Bc3 Qxe3+ 0-1

[Event "Sparkassen-Open A"]
[Site "Heusenstamm, Martinsee"]
[Date "2015.11.26"]
[Round "1.81"]
[White "Köllner, Ruben Gideon"]
[Black "van Foreest, Machteld"]
[Result "1-0"]
[WhiteElo "1985"]
[BlackElo "1592"]
[PlyCount "91"]
[EventDate "2015.??.??"]
[WhiteTeam "SV Bergneustadt/Derschlag"]
[BlackTeam "Schaakclub Haren"]

1. d4 d5 2. Nf3 Nf6 3. e3 e6 4. Bd3 Be7 5. Nbd2 O-O 6. O-O Nbd7 7. c3 b6 8. e4
dxe4 9. Nxe4 Bb7 10. Qe2 Rc8 11. Rd1 h6 12. h3 Nd5 13. a3 Re8 14. Ne5 Nxe5 15.
dxe5 b5 16. Bxb5 c6 17. Ba6 Bxa6 18. Qxa6 Qc7 19. c4 Nb6 20. Nd6 Bxd6 21. exd6
Qd7 22. Be3 c5 23. b4 cxb4 24. Bxb6 axb6 25. axb4 Rc6 26. Qb5 Rd8 27. c5 bxc5
28. bxc5 Rxd6 29. Qxd7 R6xd7 30. Rdc1 Rc7 31. Ra6 Kf8 32. c6 Ke7 33. Kh2 Rdc8
34. Rb6 Kd6 35. Rb7 g6 36. Kg3 f6 37. f4 Rxc6 38. Rd1+ Kc5 39. Rh7 h5 40. Rg7
e5 41. Rxg6 e4 42. Rh6 e3 43. Rxh5+ Kc4 44. Kf3 Re8 45. Rc1+ Kd3 46. Rd5# 1-0

[Event "Sparkassen-Open A"]
[Site "Heusenstamm, Martinsee"]
[Date "2015.11.26"]
[Round "1.82"]
[White "Masoudi, Kian"]
[Black "Mehringer, Jörg"]
[Result "0-1"]
[WhiteElo "1568"]
[BlackElo "1976"]
[PlyCount "106"]
[EventDate "2015.??.??"]
[WhiteTeam "SC Bergen-Enkheim"]
[BlackTeam "Schachpinguine Berlin"]

1. e4 e5 2. Nf3 Nc6 3. Bb5 f5 4. d3 fxe4 5. dxe4 Nf6 6. Nc3 Bc5 7. O-O O-O 8.
Bg5 d6 9. h3 Be6 10. Qe2 Qe8 11. Bc4 Nd4 12. Bxe6+ Qxe6 13. Nxd4 Bxd4 14. Bxf6
Rxf6 15. Nd5 Rf7 16. c3 Bb6 17. Nxb6 axb6 18. a3 Qb3 19. Rfd1 Raf8 20. f3 Kh8
21. a4 Ra8 22. Ra3 Qe6 23. Qb5 Ra5 24. Qd3 Rf8 25. b4 Ra7 26. Rda1 Rfa8 27. Qb5
Qe8 28. Qxe8+ Rxe8 29. a5 Rea8 30. Kf2 bxa5 31. bxa5 Kg8 32. Ke3 b6 33. a6 Kf7
34. Kd3 Ke7 35. Kc4 c6 36. Kd3 Kd7 37. Ke3 b5 38. f4 Kc7 39. fxe5 dxe5 40. Rf1
Kb6 41. Rf5 Re7 42. a7 Raxa7 43. Rxa7 Kxa7 44. Rf8 Kb6 45. Kd3 Kc5 46. Rf1 Rd7+
47. Kc2 Kc4 48. Re1 c5 49. Rf1 Rd3 50. Rf3 Rxf3 51. gxf3 b4 52. f4 exf4 53. e5
Kd5 0-1

[Event "Sparkassen-Open A"]
[Site "Heusenstamm, Martinsee"]
[Date "2015.11.26"]
[Round "1.83"]
[White "Kuhn, Gerhard"]
[Black "Kabakci, Cem"]
[Result "1-0"]
[WhiteElo "1969"]
[BlackElo "1496"]
[PlyCount "65"]
[EventDate "2015.??.??"]
[WhiteTeam "SK Marburg"]
[BlackTeam "SK Handschuhsheim"]

1. e4 e5 2. Nf3 Nc6 3. Nc3 Nf6 4. d4 exd4 5. Nd5 Nxd5 6. exd5 Nb4 7. Nxd4 Nxd5
8. Nf5 Ne7 9. Bg5 f6 10. Bxf6 gxf6 11. Qh5+ Ng6 12. O-O-O Be7 13. Bc4 d6 14.
Nxe7 Bg4 15. Qxg4 Nxe7 16. Rhe1 Qd7 17. Qg7 Rf8 18. Be6 Qb5 19. Bf5 Rf7 20.
Qh8+ Rf8 21. Qxh7 Rf7 22. Rxe7+ Kxe7 23. Re1+ Qe5 24. Rxe5+ fxe5 25. Qh4+ Rf6
26. g4 Raf8 27. Qg3 Rg8 28. Qb3 Rh8 29. Qxb7 Rxh2 30. Qxc7+ Kf8 31. Qb8+ Kg7
32. Qxa7+ Kh6 33. Qh7+ 1-0

[Event "Sparkassen-Open A"]
[Site "Heusenstamm, Martinsee"]
[Date "2015.11.27"]
[Round "2.1"]
[White "Busch, Lorenz"]
[Black "Landa, Konstantin"]
[Result "0-1"]
[WhiteElo "2095"]
[BlackElo "2625"]
[PlyCount "74"]
[EventDate "2015.??.??"]
[WhiteTeam "SC Herxheim"]
[BlackTeam "SV Mülheim-Nord"]

1. e4 c5 2. Nf3 e6 3. d4 cxd4 4. Nxd4 a6 5. Bd3 Bc5 6. Nb3 Ba7 7. O-O Ne7 8.
Qg4 O-O 9. N1d2 Nbc6 10. Nf3 Ng6 11. Qh5 Nb4 12. Be3 Qe7 13. Bxa7 Rxa7 14. Qc5
Qxc5 15. Nxc5 b6 16. a3 Nxc2 17. Nxe6 Nxa1 18. Nxf8 Nf4 19. Bc4 Rc7 20. Rxa1
Rxc4 21. Ne5 Rc7 22. Nfxd7 Bxd7 23. Rd1 Be8 24. g3 Ng6 25. Rd8 Kf8 26. Nf3 Ke7
27. Rb8 Bc6 28. Nd2 Rd7 29. Rxb6 Ne5 30. f4 Rxd2 31. fxe5 Bxe4 32. Rxa6 Rxb2
33. Ra4 Bd5 34. Rh4 h6 35. Kf1 Ke6 36. Rg4 g6 37. Rh4 h5 0-1

[Event "Sparkassen-Open A"]
[Site "Heusenstamm, Martinsee"]
[Date "2015.11.27"]
[Round "2.2"]
[White "Feller, Sebastien"]
[Black "Pfeffer, Marko"]
[Result "1-0"]
[WhiteElo "2622"]
[BlackElo "2091"]
[PlyCount "71"]
[EventDate "2015.??.??"]
[WhiteTeam "Thionville"]
[BlackTeam "SC Bergen-Enkheim"]

1. Nf3 Nf6 2. c4 e6 3. d4 d5 4. Bg5 h6 5. Bxf6 Qxf6 6. Nbd2 c6 7. g3 Nd7 8. Bg2
Bb4 9. O-O O-O 10. Rc1 Ba5 11. a3 Bb6 12. e3 Re8 13. Qb3 Bd8 14. Rfe1 Be7 15.
e4 dxc4 16. Nxc4 g6 17. e5 Qg7 18. Nfd2 c5 19. d5 exd5 20. Bxd5 Nf8 21. Ne4 Ne6
22. Ncd6 Bxd6 23. Nxd6 Re7 24. Qe3 Rb8 25. f4 Nd4 26. Rxc5 Nf5 27. Nxc8 Nxe3
28. Nxe7+ Kf8 29. Rxe3 Kxe7 30. Rc7+ Kd8 31. Rxf7 Qh8 32. Rd3 Ke8 33. Be6 Rd8
34. Rxd8+ Kxd8 35. Rd7+ Ke8 36. Rxb7 1-0

[Event "Sparkassen-Open A"]
[Site "Heusenstamm, Martinsee"]
[Date "2015.11.27"]
[Round "2.3"]
[White "Kreiling, Carsten"]
[Black "Sumets, Andrey"]
[Result "0-1"]
[WhiteElo "2081"]
[BlackElo "2583"]
[PlyCount "58"]
[EventDate "2015.??.??"]
[WhiteTeam "SVG Eppstein"]
[BlackTeam "SF Lilienthal"]

1. d4 Nf6 2. c4 e6 3. Nf3 d5 4. Nc3 Bb4 5. cxd5 exd5 6. Qa4+ Nc6 7. Bg5 h6 8.
Bh4 Bd7 9. Rc1 g5 10. Bg3 Qe7 11. a3 Bxc3+ 12. Rxc3 Ne4 13. Rc1 f5 14. Bxc7 O-O
15. Ba5 Rfc8 16. Bc3 Ne5 17. Qb4 Qxb4 18. axb4 Ng4 19. Ne5 Nxe5 20. dxe5 d4 21.
Bd2 Rxc1+ 22. Bxc1 Rc8 23. Bd2 Rc2 24. e3 Nxd2 25. Kd1 Rxb2 26. Kc1 Ra2 27.
exd4 Nxf1 28. Kb1 Rxf2 29. d5 Bb5 0-1

[Event "Sparkassen-Open A"]
[Site "Heusenstamm, Martinsee"]
[Date "2015.11.27"]
[Round "2.4"]
[White "Borovikov, Vladislav"]
[Black "Orwatsch, Gerhard"]
[Result "1-0"]
[WhiteElo "2564"]
[BlackElo "2077"]
[PlyCount "83"]
[EventDate "2015.??.??"]
[WhiteTeam "SC Siegburg"]
[BlackTeam "SK Gießen"]

1. d4 g6 2. Nf3 Bg7 3. c4 d6 4. g3 Nc6 5. d5 Ne5 6. Nxe5 Bxe5 7. Bg2 Bg7 8. O-O
Nf6 9. Nc3 O-O 10. Be3 Bd7 11. c5 Be8 12. Rc1 b6 13. b4 Ng4 14. Bd4 Bh6 15. e3
f5 16. Ne2 Bb5 17. a4 Bxe2 18. Qxe2 Nf6 19. cxd6 exd6 20. a5 Qd7 21. Qa6 Bg7
22. Rc2 Rfc8 23. Ra1 Ne8 24. Bxg7 Qxg7 25. Ra3 Qe7 26. axb6 axb6 27. Qxa8 Rxa8
28. Rxa8 Kg7 29. Bf1 Qe4 30. Rc1 Kh6 31. Rc8 Nf6 32. R8xc7 Qxb4 33. R1c4 Qb1
34. Rh4+ Nh5 35. Rd7 Qd1 36. Rxd6 Kg7 37. Rd7+ Kf6 38. Rd4 Qa1 39. Rxh7 Ng7 40.
d6 Ne6 41. d7 Nxd4 42. d8=Q+ 1-0

[Event "Sparkassen-Open A"]
[Site "Heusenstamm, Martinsee"]
[Date "2015.11.27"]
[Round "2.5"]
[White "Stümer, Paul"]
[Black "van Foreest, Jorden"]
[Result "1-0"]
[WhiteElo "2073"]
[BlackElo "2546"]
[PlyCount "129"]
[EventDate "2015.??.??"]
[WhiteTeam "SV Bergneustadt/Derschlag"]
[BlackTeam "SK Turm Emsdetten"]

1. Nf3 Nf6 2. c4 g6 3. Nc3 Bg7 4. g3 O-O 5. Bg2 d6 6. d4 Nc6 7. O-O a6 8. e3
Rb8 9. Qe2 e5 10. d5 Ne7 11. e4 b5 12. c5 b4 13. Na4 Bd7 14. c6 Nxc6 15. dxc6
Bxc6 16. b3 Bb5 17. Qc2 Bxf1 18. Bxf1 d5 19. Nxe5 Qe8 20. Bb2 Nxe4 21. Nc6 Bxb2
22. Nxb2 Rb6 23. Rc1 Nc3 24. Nxb4 d4 25. Nxa6 Nxa2 26. Nxc7 Qd7 27. Na4 Rb7 28.
Nc5 Qxc7 29. Nxb7 Qc3 30. Qxc3 Nxc3 31. Nc5 Rb8 32. Ra1 Rc8 33. Nd3 Ne4 34. b4
Rc3 35. Ra8+ Kg7 36. b5 Rb3 37. Ra4 Rxb5 38. Rxd4 Ng5 39. Kg2 Rb7 40. Nf4 h5
41. h4 Nh7 42. Bc4 Rb4 43. Nd5 Ra4 44. Ne3 Nf6 45. Rd2 Ra7 46. f3 Rc7 47. Be2
Re7 48. Kf2 Ra7 49. Nc4 Kf8 50. Rb2 Kg7 51. Nd6 Rd7 52. Ne4 Ng8 53. Rb6 Nh6 54.
Nf6 Ra7 55. g4 hxg4 56. fxg4 Ra8 57. h5 Ra5 58. Bd3 Re5 59. Kf3 Ra5 60. hxg6
fxg6 61. Ne8+ Kf8 62. Nf6 Ra3 63. Nd7+ Ke8 64. Ne5 Ng8 65. Rb8+ 1-0

[Event "Sparkassen-Open A"]
[Site "Heusenstamm, Martinsee"]
[Date "2015.11.27"]
[Round "2.6"]
[White "Zubarev, Alexander"]
[Black "Schröder, Jürgen"]
[Result "1-0"]
[WhiteElo "2540"]
[BlackElo "2071"]
[PlyCount "55"]
[EventDate "2015.??.??"]
[WhiteTeam "SC Siegburg"]
[BlackTeam "SC Matt im Park"]

1. d4 g6 2. g3 Bg7 3. Bg2 d6 4. e4 c6 5. Ne2 Nd7 6. O-O Ngf6 7. Nbc3 O-O 8. h3
e5 9. a4 a5 10. Be3 Re8 11. f4 Nf8 12. Qd2 Qe7 13. dxe5 dxe5 14. f5 Rd8 15. Qe1
gxf5 16. exf5 Nd5 17. Nxd5 cxd5 18. Bb6 Re8 19. Nc3 Nd7 20. Nxd5 Qd6 21. Be3
Nf6 22. Rd1 Nxd5 23. Bxd5 Qc7 24. g4 Qxc2 25. Rd2 Qxa4 26. Qh4 Ra6 27. f6 Bh8
28. Bh6 1-0

[Event "Sparkassen-Open A"]
[Site "Heusenstamm, Martinsee"]
[Date "2015.11.27"]
[Round "2.7"]
[White "Rosenberger, Frank"]
[Black "Sadzikowski, Daniel"]
[Result "0-1"]
[WhiteElo "2070"]
[BlackElo "2510"]
[PlyCount "94"]
[EventDate "2015.??.??"]
[WhiteTeam "SK Gernsheim"]
[BlackTeam "SC Heusenstamm"]

1. e4 c5 2. Nf3 d6 3. d4 cxd4 4. Nxd4 Nf6 5. Nc3 a6 6. Bc4 e6 7. Bb3 Nbd7 8.
Bg5 Nc5 9. f4 Be7 10. Qf3 Qc7 11. O-O O-O 12. Rae1 b5 13. e5 Nxb3 14. Nxb3 Bb7
15. Qg3 Ne8 16. Bxe7 Qxe7 17. f5 dxe5 18. Rxe5 b4 19. fxe6 f6 20. Nd5 Qd6 21.
e7 Rf7 22. Ref5 Qxg3 23. hxg3 Rc8 24. Nxb4 Rxe7 25. c3 Nd6 26. Rc5 Rce8 27. Nc6
Re2 28. Nba5 Rxb2 29. Nxb7 Ree2 30. Rd1 Nxb7 31. Rcd5 Rxg2+ 32. Kh1 Rh2+ 33.
Kg1 Rhg2+ 34. Kh1 Rxg3 35. Ne7+ Kf7 36. Nf5 Rg5 37. Rd7+ Kg6 38. Nxg7 Nc5 39.
Re7 Rxa2 40. Ne8 Ra4 41. Rg7+ Kh6 42. Rxg5 fxg5 43. Rd6+ Kh5 44. Nf6+ Kh4 45.
Rd5 Ne4 46. Nxh7 g4 47. Nf8 Kh3 0-1

[Event "Sparkassen-Open A"]
[Site "Heusenstamm, Martinsee"]
[Date "2015.11.27"]
[Round "2.8"]
[White "Kveinys, Aloyzas"]
[Black "Weil, Volker"]
[Result "1-0"]
[WhiteElo "2485"]
[BlackElo "2065"]
[PlyCount "73"]
[EventDate "2015.??.??"]
[WhiteTeam "Vilnius"]
[BlackTeam "SC Steinbach"]

1. d4 d6 2. e4 Nf6 3. Nc3 e5 4. Nf3 Nbd7 5. Bc4 Be7 6. O-O O-O 7. a4 c6 8. Re1
a5 9. h3 Nb6 10. Ba2 Nfd7 11. Be3 exd4 12. Nxd4 Nc5 13. Qh5 Bf6 14. Rad1 g6 15.
Qf3 Qe7 16. Bh6 Bg7 17. Bxg7 Kxg7 18. Qg3 Nbxa4 19. Nxa4 Nxa4 20. Nf5+ Bxf5 21.
exf5 Qf6 22. fxg6 Qxg6 23. Qf4 Nc5 24. Rxd6 Ne6 25. Bxe6 fxe6 26. Qd2 Rae8 27.
Re3 Kh8 28. Qxa5 Qf6 29. Qe5 Re7 30. g4 Kg8 31. Qxf6 Rxf6 32. Kg2 h5 33. Kg3
hxg4 34. hxg4 Kf7 35. f4 Rh6 36. f5 Rf6 37. Rexe6 1-0

[Event "Sparkassen-Open A"]
[Site "Heusenstamm, Martinsee"]
[Date "2015.11.27"]
[Round "2.9"]
[White "Eichner, Christian"]
[Black "Milov, Leonid"]
[Result "0-1"]
[WhiteElo "2051"]
[BlackElo "2471"]
[PlyCount "82"]
[EventDate "2015.??.??"]
[WhiteTeam "SV TuR Dresden"]
[BlackTeam "SC Noris-Tarrasch Nürnberg"]

1. e4 c5 2. Nf3 e6 3. c3 d5 4. exd5 exd5 5. Bb5+ Nc6 6. d4 Bd6 7. O-O Nf6 8.
Re1+ Be6 9. dxc5 Bxc5 10. Nd4 O-O 11. Be3 Qd6 12. Be2 Bb6 13. Nb5 Qd8 14. Bf3
Bxe3 15. Rxe3 Qb6 16. Qe2 a6 17. Nd4 Nxd4 18. cxd4 Qxd4 19. Nc3 Qb6 20. Re5
Rad8 21. Rd1 d4 22. Na4 Qb4 23. b3 Rd6 24. Nc5 Bd5 25. Ne4 Bxe4 26. Bxe4 Rfd8
27. Re7 b5 28. Bd3 g6 29. Rc1 R6d7 30. Re5 Kg7 31. Rc6 Rd6 32. Rxd6 Qxd6 33. g3
Nd5 34. Re8 Nc3 35. Qe1 Rxe8 36. Qxe8 Nxa2 37. Qc8 Nb4 38. Bf1 h5 39. h4 d3 40.
Qc3+ Kh7 41. Bg2 d2 0-1

[Event "Sparkassen-Open A"]
[Site "Heusenstamm, Martinsee"]
[Date "2015.11.27"]
[Round "2.10"]
[White "Wieczorek, Oskar"]
[Black "Werner, Dimo"]
[Result "1-0"]
[WhiteElo "2428"]
[BlackElo "2052"]
[PlyCount "89"]
[EventDate "2015.??.??"]
[WhiteTeam "SC Heusenstamm"]
[BlackTeam "TSV Schott Mainz"]

1. e4 e6 2. d4 d5 3. Nd2 dxe4 4. Nxe4 Bd7 5. Nf3 Bc6 6. Bd3 Nd7 7. O-O Be7 8.
Re1 Ngf6 9. Ng3 O-O 10. c4 b6 11. Qe2 Re8 12. Ne5 Nxe5 13. dxe5 Nd7 14. Rd1 Qc8
15. Bc2 g6 16. Ne4 Nxe5 17. b3 Nd7 18. Bb2 f5 19. Rxd7 Bxd7 20. Qd2 Rf8 21. Qd4
Kf7 22. Qg7+ Ke8 23. Qxh7 fxe4 24. Bxe4 c5 25. Rd1 a5 26. Qxg6+ Kd8 27. Qxe6
Ra6 28. Bc6 Ra7 29. Be5 Ke8 30. Qg6+ Kd8 31. Qe6 Ke8 32. Qg6+ Kd8 33. Be4 Ra6
34. Qg4 Ra7 35. f4 Bf6 36. Qf5 Be7 37. Qe6 Ra6 38. Bc6 Ra7 39. f5 Ke8 40. Qg6+
Kd8 41. f6 Rxf6 42. Bxf6 Qxc6 43. Qg8+ Kc7 44. Bxe7 Qe4 45. Qd8+ 1-0

[Event "Sparkassen-Open A"]
[Site "Heusenstamm, Martinsee"]
[Date "2015.11.27"]
[Round "2.11"]
[White "Euler, Stephan"]
[Black "Weichhold, Pawel"]
[Result "0-1"]
[WhiteElo "2046"]
[BlackElo "2413"]
[PlyCount "48"]
[EventDate "2015.??.??"]
[WhiteTeam "SC Ladja Roßdorf"]
[BlackTeam "SC Heusenstamm"]

1. e4 c5 2. c3 Qa5 3. Bc4 b5 4. Bb3 e6 5. d4 Bb7 6. Bc2 Nf6 7. f3 cxd4 8. Qxd4
Qc7 9. Be3 d5 10. exd5 Nxd5 11. Bf2 Nd7 12. Ne2 Bc5 13. Qxg7 O-O-O 14. Bg3 Qb6
15. Bxh7 N7f6 16. Be4 Nh5 17. Qxf7 Nxg3 18. Nxg3 Bf2+ 19. Kd1 Bxg3 20. Kc2 Ne3+
21. Kb3 Bxe4 22. fxe4 Qc6 23. Na3 Qa6 24. c4 Qa4+ 0-1

[Event "Sparkassen-Open A"]
[Site "Heusenstamm, Martinsee"]
[Date "2015.11.27"]
[Round "2.12"]
[White "Zeller, Frank"]
[Black "Trumpp, Lothar"]
[Result "1-0"]
[WhiteElo "2392"]
[BlackElo "2049"]
[PlyCount "47"]
[EventDate "2015.??.??"]
[WhiteTeam "SK Schwäbisch Hall"]
[BlackTeam "VSG Offenbach"]

1. e4 d6 2. Nc3 g6 3. d4 Bg7 4. Be3 c6 5. Qd2 Nf6 6. Bh6 O-O 7. O-O-O Qa5 8. h4
Bxh6 9. Qxh6 Ng4 10. Qd2 b5 11. f3 Nf6 12. h5 b4 13. Nb1 Nxh5 14. Qh6 e5 15. g4
Nf6 16. Nh3 exd4 17. Ng5 Re8 18. Bc4 d5 19. e5 Rxe5 20. Nxh7 Nxh7 21. Qxh7+ Kf8
22. Qh8+ Ke7 23. Qxe5+ Be6 24. Qg5+ 1-0

[Event "Sparkassen-Open A"]
[Site "Heusenstamm, Martinsee"]
[Date "2015.11.27"]
[Round "2.13"]
[White "Solonar, Stefan"]
[Black "Berberich, Christoph"]
[Result "1-0"]
[WhiteElo "2341"]
[BlackElo "2037"]
[PlyCount "59"]
[EventDate "2015.??.??"]
[WhiteTeam "SC Heusenstamm"]
[BlackTeam "SK Freiburg-Zähringen 1887"]

1. c4 Nf6 2. Nc3 c5 3. Nf3 g6 4. e4 d6 5. d4 cxd4 6. Nxd4 Bg7 7. Be2 Nc6 8. Be3
O-O 9. O-O Nxd4 10. Bxd4 b6 11. Qd2 Bb7 12. f3 Rc8 13. Rfd1 Qc7 14. Rac1 Nd7
15. Be3 Qb8 16. Nd5 Bxd5 17. exd5 a5 18. Bf1 Qa7 19. Re1 Rc7 20. Kh1 a4 21. Bg5
Bf6 22. Rxe7 Bxg5 23. Qxg5 Rfc8 24. f4 b5 25. Rce1 bxc4 26. Rxf7 Kxf7 27. Re7+
Kf8 28. Rxh7 Ne5 29. Qf6+ Nf7 30. Rh8# 1-0

[Event "Sparkassen-Open A"]
[Site "Heusenstamm, Martinsee"]
[Date "2015.11.27"]
[Round "2.14"]
[White "Kolker, Vladislav"]
[Black "Barski, Radoslaw"]
[Result "0-1"]
[WhiteElo "2029"]
[BlackElo "2336"]
[PlyCount "56"]
[EventDate "2015.??.??"]
[WhiteTeam "SC Bad Nauheim"]
[BlackTeam "SC Heusenstamm"]

1. e4 c5 2. Nf3 e6 3. d3 Nc6 4. g3 g6 5. Bg2 Bg7 6. O-O Nge7 7. a4 O-O 8. c3 d5
9. Nbd2 b6 10. Re1 Ba6 11. Qc2 Qc7 12. Nf1 Rfd8 13. Bf4 e5 14. Bd2 dxe4 15.
dxe4 Bd3 16. Qd1 Na5 17. b3 c4 18. b4 Nb3 19. Ra2 a5 20. b5 Rd7 21. Nh4 Bxf1
22. Bxf1 Rad8 23. Re2 Bh6 24. Nf3 Rd3 25. Qe1 Nxd2 26. Nxd2 Qd7 27. Nxc4 Rd1
28. Nxe5 Qe6 0-1

[Event "Sparkassen-Open A"]
[Site "Heusenstamm, Martinsee"]
[Date "2015.11.27"]
[Round "2.15"]
[White "Klundt, Klaus"]
[Black "Rolf, Marco"]
[Result "1-0"]
[WhiteElo "2320"]
[BlackElo "2023"]
[PlyCount "47"]
[EventDate "2015.??.??"]
[WhiteTeam "SC Heusenstamm"]
[BlackTeam "SK Bad Homburg"]

1. e4 e6 2. d3 d5 3. Nd2 Nf6 4. Ngf3 Bc5 5. Be2 O-O 6. O-O Nc6 7. c3 dxe4 8.
dxe4 e5 9. Qc2 Qe7 10. b4 Bd6 11. Nc4 a5 12. b5 Nd8 13. Rd1 Ne6 14. b6 Nc5 15.
bxc7 Bxc7 16. Ba3 b6 17. Rab1 Bb7 18. Nfd2 Nfxe4 19. Nxe4 Bxe4 20. Qxe4 Nxe4
21. Bxe7 Rfe8 22. Bf3 Nxc3 23. Bxa8 Rxe7 24. Bc6 1-0

[Event "Sparkassen-Open A"]
[Site "Heusenstamm, Martinsee"]
[Date "2015.11.27"]
[Round "2.16"]
[White "Martin, Reiner"]
[Black "Schwarz, Dusan"]
[Result "1/2-1/2"]
[WhiteElo "2021"]
[BlackElo "2315"]
[PlyCount "98"]
[EventDate "2015.??.??"]
[WhiteTeam "SC Bad Soden"]
[BlackTeam "Sk Doprastav Bratislava"]

1. c4 e5 2. g3 Nf6 3. Bg2 Nc6 4. Nc3 Bc5 5. Nf3 d6 6. O-O O-O 7. d3 h6 8. a3 a6
9. b4 Ba7 10. Ne1 Bf5 11. Nc2 Qd7 12. Ne3 Bh3 13. Ned5 Nxd5 14. Nxd5 Bxg2 15.
Kxg2 f5 16. e3 Rae8 17. Bb2 Ne7 18. Qf3 c6 19. Nxe7+ Rxe7 20. Rfe1 Qe6 21. Rac1
Rd7 22. Qe2 d5 23. f4 Bb8 24. Qf2 e4 25. c5 exd3 26. Bd4 Bc7 27. Qd2 Qe4+ 28.
Kf2 g5 29. Qc3 Kh7 30. Rcd1 Bd8 31. Qxd3 Qxd3 32. Rxd3 Re8 33. a4 Kg6 34. b5
axb5 35. axb5 Re6 36. Ra1 Bf6 37. Ra8 Bxd4 38. Rxd4 cxb5 39. Rb4 Ra6 40. Rg8+
Kf7 41. Rh8 Ra2+ 42. Kg1 Kg7 43. Re8 gxf4 44. gxf4 Kh7 45. Rxb5 Rg7+ 46. Kf1
Rxh2 47. Re5 Rd2 48. Rxf5 Rgg2 49. Rxd5 Rgf2+ 1/2-1/2

[Event "Sparkassen-Open A"]
[Site "Heusenstamm, Martinsee"]
[Date "2015.11.27"]
[Round "2.17"]
[White "Keller, Peter"]
[Black "Junker, Christian"]
[Result "0-1"]
[WhiteElo "2304"]
[BlackElo "2016"]
[PlyCount "68"]
[EventDate "2015.??.??"]
[WhiteTeam "Frankfurter TV"]
[BlackTeam "SV Neu-Isenburg"]

1. e4 e5 2. Nf3 Nf6 3. Nxe5 d6 4. Nf3 Nxe4 5. Nc3 Nf6 6. d4 g6 7. Bg5 Bg7 8.
Qe2+ Kf8 9. O-O-O h6 10. Bh4 Nbd7 11. h3 g5 12. Bg3 Nb6 13. h4 g4 14. Nd2 h5
15. Nc4 Bh6+ 16. Kb1 Nbd5 17. Nxd5 Nxd5 18. Qe4 Nf6 19. Qd3 Bd7 20. Ne3 Qc8 21.
d5 a5 22. Qd4 Bg7 23. Bd3 a4 24. Qf4 Ra5 25. c4 Rc5 26. f3 gxf3 27. Nf5 Bxf5
28. Bxf5 Qd8 29. Bf2 fxg2 30. Rhg1 Bh6 31. Qd4 b5 32. Bd3 bxc4 33. Bxc4 Rg8 34.
Qc3 Ne4 0-1

[Event "Sparkassen-Open A"]
[Site "Heusenstamm, Martinsee"]
[Date "2015.11.27"]
[Round "2.18"]
[White "Mock, Oskar"]
[Black "van Foreest, Lucas"]
[Result "0-1"]
[WhiteElo "2015"]
[BlackElo "2299"]
[PlyCount "74"]
[EventDate "2015.??.??"]
[WhiteTeam "Stuttgarter SF"]
[BlackTeam "SK Turm Emsdetten"]

1. Nf3 Nc6 2. d4 d5 3. g3 Bf5 4. Bg2 e6 5. O-O Nb4 6. Na3 Nf6 7. c3 Na6 8. Ne5
Nd7 9. Qa4 f6 10. Nd3 c6 11. f3 Bg6 12. Nf4 Bf7 13. e4 e5 14. Nd3 Nb6 15. Qa5
dxe4 16. Nc5 Nxc5 17. dxc5 Nc4 18. Qa4 Bxc5+ 19. Kh1 Nxa3 20. b4 exf3 21. Bxf3
Qd3 22. Bxa3 Bd5 23. Qd1 Bxf3+ 24. Rxf3 Qxd1+ 25. Rxd1 Be7 26. c4 Rd8 27. Rb1
Kd7 28. b5 c5 29. Bb2 Kc8 30. Ra3 Kb8 31. Ra5 Rd3 32. Ba3 b6 33. Ra6 Rhd8 34.
Bc1 Rc3 35. Bb2 Rxc4 36. a4 Rb4 37. a5 Rxb5 0-1

[Event "Sparkassen-Open A"]
[Site "Heusenstamm, Martinsee"]
[Date "2015.11.27"]
[Round "2.19"]
[White "Schmitzer, Klaus"]
[Black "Von Auer, Ulrich"]
[Result "1-0"]
[WhiteElo "2285"]
[BlackElo "2014"]
[PlyCount "61"]
[EventDate "2015.??.??"]
[WhiteTeam "Bad Vilbeler Sfr"]
[BlackTeam "SF Frankfurt"]

1. e4 e6 2. d4 d5 3. Nd2 Be7 4. c3 c5 5. exd5 exd5 6. Ngf3 Nc6 7. dxc5 Bxc5 8.
Nb3 Bb6 9. Be2 Nf6 10. O-O O-O 11. Bg5 Be6 12. Nbd4 h6 13. Bh4 g5 14. Bg3 Ne4
15. Nxc6 bxc6 16. Nd4 Bxd4 17. cxd4 Qb6 18. b3 Nc3 19. Qc2 Nxe2+ 20. Qxe2 Qxd4
21. Rac1 Rfc8 22. Rfe1 c5 23. Be5 Qg4 24. Qa6 Qf5 25. Qd6 c4 26. Rc3 g4 27. h3
h5 28. hxg4 hxg4 29. f3 Rd8 30. fxg4 Qg5 31. Rh3 1-0

[Event "Sparkassen-Open A"]
[Site "Heusenstamm, Martinsee"]
[Date "2015.11.27"]
[Round "2.20"]
[White "Calvi, Stefan"]
[Black "Promyshlyanskyy, Vitaliy"]
[Result "0-1"]
[WhiteElo "2013"]
[BlackElo "2245"]
[PlyCount "64"]
[EventDate "2015.??.??"]
[WhiteTeam "SF Frankfurt"]
[BlackTeam "SC Noris-Tarrasch Nürnberg"]

1. e4 e5 2. Nf3 Nc6 3. d4 exd4 4. Nxd4 Nf6 5. Nc3 Bb4 6. Nxc6 bxc6 7. Bd3 d6 8.
h3 Qe7 9. O-O Bb7 10. Bg5 h6 11. Bh4 g5 12. Bg3 O-O-O 13. Re1 Nd7 14. a3 Bc5
15. Qe2 Bd4 16. Ba6 h5 17. Bxb7+ Kxb7 18. Qc4 Qf6 19. Rad1 Bb6 20. Re2 h4 21.
Bh2 g4 22. e5 dxe5 23. Rxd7 Rxd7 24. Bxe5 Qd8 25. Qxg4 Re8 26. Qf4 Re6 27. Ne4
Rd5 28. Bf6 Rf5 29. Qxf5 Qd1+ 30. Kh2 Qxe2 31. Nc3 Qxf2 32. Qxf2 Bxf2 0-1

[Event "Sparkassen-Open A"]
[Site "Heusenstamm, Martinsee"]
[Date "2015.11.27"]
[Round "2.21"]
[White "Mager, Denis"]
[Black "Dickmann, Thomas"]
[Result "1/2-1/2"]
[WhiteElo "2232"]
[BlackElo "2013"]
[PlyCount "67"]
[EventDate "2015.??.??"]
[WhiteTeam "TuS Makkabi"]
[BlackTeam "SV Wesel"]

1. c4 c5 2. Nf3 Nc6 3. d4 cxd4 4. Nxd4 Nf6 5. Nc3 g6 6. e4 d6 7. Be2 Nxd4 8.
Qxd4 Bg7 9. Bg5 O-O 10. Qd2 Be6 11. Rc1 Qa5 12. O-O Rfc8 13. b3 a6 14. f4 b5
15. f5 b4 16. Bxf6 Bxf6 17. Nd5 Bxd5 18. exd5 Qc5+ 19. Kh1 a5 20. Bd3 a4 21.
Rf3 axb3 22. axb3 Qd4 23. Rcf1 Qc3 24. Qh6 Bg7 25. Qh3 Rf8 26. fxg6 fxg6 27.
Bxg6 hxg6 28. Qe6+ Kh7 29. Rh3+ Bh6 30. Qxe7+ Kg8 31. Qe6+ Kg7 32. Qe7+ Kg8 33.
Qe6+ Kg7 34. Qe7+ 1/2-1/2